SMART STUDY SERIES FORENSIC MEDICINE & TOXICOLOGY (Record no. 1226)

MARC details
000 -LEADER
fixed length control field 00352nam a2200133Ia 4500
008 - FIXED-LENGTH DATA ELEMENTS--GENERAL INFORMATION
fixed length control field 150201s2009 xx 000 0 und d
082 ## - DEWEY DECIMAL CLASSIFICATION NUMBER
Classification number 614.1
Item number S09A
100 ## - MAIN ENTRY--PERSONAL NAME
Personal name AGGARWAL,GAURAVG
245 ## - TITLE STATEMENT
Title SMART STUDY SERIES FORENSIC MEDICINE & TOXICOLOGY
250 ## - EDITION STATEMENT
Edition statement 1ST
260 ## - PUBLICATION, DISTRIBUTION, ETC. (IMPRINT)
Name of publisher, distributor, etc. ELSEVIER
Place of publication, distribution, etc. DELHI
Date of publication, distribution, etc. 2009
650 ## - SUBJECT ADDED ENTRY--TOPICAL TERM
Topical term or geographic name as entry element FORENSIC MEDICINE
942 ## - ADDED ENTRY ELEMENTS (KOHA)
Source of classification or shelving scheme Dewey Decimal Classification
Koha item type Books
Koha issues (borrowed), all copies 7
Holdings
Withdrawn status Lost status Source of classification or shelving scheme Damaged status Not for loan Collection code Home library Current library Shelving location Date acquired Source of acquisition Cost, normal purchase price SGTU Bill Number Total Checkouts Full call number Barcode Date last seen Bill Date Koha item type Date last checked out Checked out
    Dewey Decimal Classification     MEDICAL SGT Medical Library SGT Medical Library Text Book 30/12/2010 U.B.S. DELHI 225.00 SGTU 762   614.1 S09A FM4652 09/02/2015 30/12/2010 Books    
    Dewey Decimal Classification     MEDICAL SGT Medical Library SGT Medical Library Text Book 30/12/2010 U.B.S. DELHI 225.00 SGTU 762 6 614.1 S09A FM4653 13/12/2024 30/12/2010 Books 04/12/2024  
    Dewey Decimal Classification     MEDICAL SGT Medical Library SGT Medical Library Text Book 30/12/2010 U.B.S. DELHI 225.00 SGTU 762   614.1 S09A FM4654 09/02/2015 30/12/2010 Books    
    Dewey Decimal Classification     MEDICAL SGT Medical Library SGT Medical Library Text Book 30/12/2010 U.B.S. DELHI 225.00 SGTU 762 2 614.1 S09A FM4655 22/09/2025 30/12/2010 Books 30/11/2024  
    Dewey Decimal Classification     MEDICAL SGT Medical Library SGT Medical Library Text Book 30/12/2010 U.B.S. DELHI 225.00 SGTU 762 3 614.1 S09A FM4656 22/05/2026 30/12/2010 Books 22/05/2026 05/06/2026